Statistiken für Jedes Land, dessen Name auf -ien endet

Klicken Sie hier um das Quiz zu spielen!

Allgemein

  • Dieses Quiz wurde 10.738 mal gespielt
  • Das Durchschnittsergebnis liegt bei 19 aus 28

Antwortstatistiken

Land% Korrekt
Argentinien
81%
Indien
81%
Spanien
80%
Serbien
80%
Slowenien
75%
Brasilien
75%
Algerien
74%
Australien
74%
Italien
74%
Belgien
73%
Kolumbien
73%
Kroatien
72%
Indonesien
72%
Moldawien
71%
Albanien
70%
Bolivien
70%
Bulgarien
69%
Rumänien
67%
Georgien
65%
Armenien
62%
Saudi-Arabien
62%
Tunesien
61%
Nordmazedonien
59%
Syrien
58%
Mauretanien
50%
Jordanien
50%
Äthiopien
49%
Mikronesien
42%

Verteilung der Resultate

Perzentil nach korrekt beantworteten Fragen

Anzahl Personen mit jedem Resultat

Ihre Resultats-Entwicklung

Sie haben dieses Quiz noch nicht gespielt